00470nam a22001577a 450000500170000001000140001702000250003103500130005603700130006908200100008210000160009224500460010826000410015427000860019530000310028120100730113838.0 aENG-97421 a9788190822367c40.00 aEN-80954 bDBAD/PUB a616.4 aKumanan, N. aEndocrine glands in man /cby N. Kumanan aMaduraibMauriyar Publicationsc2008 a2-5/762, Maraimalai Adigalar Street, Sathasivam Nagar Annanagar,bMaduraie625020 ax, 121p ;billc23cm (H.b)